Graduale iuxta ritum sacri ordinis praedicatorum auctoritate apostolica approbatum reverendissimi in Christo patris fratris Emmanuelis Suarez eiusdem ordinis generalis magistri permissu editum

Detalles Bibliográficos
Autor Corporativo: Iglesia Católica
Formato: Libro
Lenguaje:Undetermined
Latin
Publicado: Romae : 1950
Materias:
Colección:Banco de datos
Acervo:Monasterio de Santa Catalina de Siena de la Orden de Santo Domingo de Puebla. Puebla
Descripción Física:XIII, 620, 189 p. ; 4º
Tema general:Liturgia
LEADER 00740nam a2200157Ia 4500
008 150723s9999 xx 000 0 und d
041 0 |a lat 
110 1 |a Iglesia Católica 
245 1 0 |a Graduale iuxta ritum sacri ordinis praedicatorum auctoritate apostolica approbatum reverendissimi in Christo patris fratris Emmanuelis Suarez eiusdem ordinis generalis magistri permissu editum  
260 |a Romae :   |b ad S. Sabinae,   |c 1950 
300 |a XIII, 620, 189 p.   |b    |c  ; 4º 
650 1 0 |a Liturgia  
949 |a Monasterio de Santa Catalina de Siena y Santa Ana del Convento de Dominicas del Estado de Puebla: 668 
942 |c DOMPUE 
943 |g Monasterio de Santa Catalina de Siena de la Orden de Santo Domingo de Puebla. Puebla 
999 |c 1105280  |d 1105280